| 000 | 00496nam a22001337a 4500 | ||
|---|---|---|---|
| 082 | _a200 | ||
| 100 |
_aMAHMOOD HAFIZ TAHIR _9124518 |
||
| 245 |
_aDEVELOPMENT OF FRAMEWORK FOR IMPLEMENTATION OF ELECTRONIC SUPPLY CHAIN/ _cHAFIZ TAHIR MAHMOOD |
||
| 260 |
_aRAWALPINDI: _bNUST College of EME: _c2018. |
||
| 650 |
_a PhD- ENGINEERING MANAGEMENT _9124516 |
||
| 700 |
_aSupervisor: Dr. Tasweer Hussain Shah _970162 |
||
| 856 | _u http://10.250.8.41:8080/xmlui/handle/123456789/20276 | ||
| 942 |
_cSC _2ddc |
||
| 999 |
_c576930 _d576930 |
||